<?xml version="1.0" encoding="UTF-8"?>
<record
    xmlns:xsi="http://www.w3.org/2001/XMLSchema-instance"
    xsi:schemaLocation="http://www.loc.gov/MARC21/slim http://www.loc.gov/standards/marcxml/schema/MARC21slim.xsd"
    xmlns="http://www.loc.gov/MARC21/slim">

  <leader>00771nam a22002057a 4500</leader>
  <controlfield tag="003">BD-DhUL</controlfield>
  <controlfield tag="005">20221213113539.0</controlfield>
  <controlfield tag="008">221208s1970    ii a|||| |||| 00| 0 eng  </controlfield>
  <datafield tag="020" ind1=" " ind2=" ">
    <subfield code="a">8172934475 (hbk)</subfield>
  </datafield>
  <datafield tag="040" ind1=" " ind2=" ">
    <subfield code="a">BD-DhUL</subfield>
    <subfield code="c">BD-DhUL</subfield>
  </datafield>
  <datafield tag="082" ind1=" " ind2=" ">
    <subfield code="a">891.443</subfield>
    <subfield code="b">ABB</subfield>
  </datafield>
  <datafield tag="100" ind1="3" ind2=" ">
    <subfield code="a">&#x986;&#x9AC;&#x9CD;&#x9A6;&#x9C1;&#x9B2;  &#x99C;&#x9AC;&#x9CD;&#x9AC;&#x9BE;&#x9B0;</subfield>
  </datafield>
  <datafield tag="245" ind1="0" ind2="0">
    <subfield code="a">&#x9AC;&#x9BE;&#x982;&#x9B2;&#x9BE;&#x9B0; &#x99A;&#x9BE;&#x9B2;&#x99A;&#x9BF;&#x9A4;&#x9CD;&#x9B0; / </subfield>
    <subfield code="c">&#x986;&#x9AC;&#x9CD;&#x9A6;&#x9C1;&#x9B2;  &#x99C;&#x9AC;&#x9CD;&#x9AC;&#x9BE;&#x9B0; &#x964;</subfield>
  </datafield>
  <datafield tag="260" ind1=" " ind2=" ">
    <subfield code="a">&#x995;&#x9B2;&#x995;&#x9BE;&#x9A4;&#x9BE; : </subfield>
    <subfield code="b">&#x9AE;&#x9BF;&#x9A4;&#x9CD;&#x9B0; &#x993; &#x998;&#x9CB;&#x9B7;, </subfield>
    <subfield code="c">&#x9E7;&#x9EF;&#x9ED;&#x9E6; (&#x9E8;&#x9E6;&#x9E7;&#x9EC; &#x9AE;&#x9C1;&#x9A6;&#x9CD;&#x9B0;&#x9A3;) &#x964;</subfield>
  </datafield>
  <datafield tag="300" ind1=" " ind2=" ">
    <subfield code="a">[&#x9E7;&#x9E8;], &#x9E8;&#x9EF;&#x9E8; &#x9AA;&#x9C3;. : </subfield>
    <subfield code="b">&#x99A;&#x9BF;&#x9A4;&#x9CD;&#x9B0; ; </subfield>
    <subfield code="c">&#x9E8;&#x9E8; &#x9B8;&#x9C7;&#x9AE;&#x9BF;.</subfield>
  </datafield>
  <datafield tag="365" ind1=" " ind2=" ">
    <subfield code="2">IRS</subfield>
    <subfield code="a">300.00</subfield>
  </datafield>
  <datafield tag="650" ind1="4" ind2=" ">
    <subfield code="a">&#x9AC;&#x9BE;&#x982;&#x9B2;&#x9BE; &#x989;&#x9AA;&#x9A8;&#x9CD;&#x9AF;&#x9BE;&#x9B8; &#x964;</subfield>
  </datafield>
  <datafield tag="650" ind1="4" ind2=" ">
    <subfield code="a">Bengali fiction.</subfield>
  </datafield>
  <datafield tag="942" ind1=" " ind2=" ">
    <subfield code="2">ddc</subfield>
    <subfield code="c">BK</subfield>
  </datafield>
  <datafield tag="999" ind1=" " ind2=" ">
    <subfield code="c">257662</subfield>
    <subfield code="d">257662</subfield>
  </datafield>
  <datafield tag="952" ind1=" " ind2=" ">
    <subfield code="0">0</subfield>
    <subfield code="1">0</subfield>
    <subfield code="2">ddc</subfield>
    <subfield code="4">0</subfield>
    <subfield code="6">891_443000000000000_ABB</subfield>
    <subfield code="7">0</subfield>
    <subfield code="8">NFIC</subfield>
    <subfield code="9">395278</subfield>
    <subfield code="a">DUL</subfield>
    <subfield code="b">DUL</subfield>
    <subfield code="c">GEN</subfield>
    <subfield code="d">2022-07-21</subfield>
    <subfield code="e">Purchased</subfield>
    <subfield code="o">891.443 ABB</subfield>
    <subfield code="p">527017</subfield>
    <subfield code="r">2022-12-08</subfield>
    <subfield code="t">1</subfield>
    <subfield code="w">2022-12-08</subfield>
    <subfield code="y">BK</subfield>
    <subfield code="z">Crafts</subfield>
  </datafield>
  <datafield tag="952" ind1=" " ind2=" ">
    <subfield code="0">0</subfield>
    <subfield code="1">0</subfield>
    <subfield code="2">ddc</subfield>
    <subfield code="4">0</subfield>
    <subfield code="6">891_443000000000000_ABB</subfield>
    <subfield code="7">0</subfield>
    <subfield code="8">NFIC</subfield>
    <subfield code="9">395279</subfield>
    <subfield code="a">DUL</subfield>
    <subfield code="b">DUL</subfield>
    <subfield code="c">GEN</subfield>
    <subfield code="d">2022-07-21</subfield>
    <subfield code="e">Purchased</subfield>
    <subfield code="o">891.443 ABB</subfield>
    <subfield code="p">527018</subfield>
    <subfield code="r">2022-12-08</subfield>
    <subfield code="t">2</subfield>
    <subfield code="w">2022-12-08</subfield>
    <subfield code="y">BK</subfield>
    <subfield code="z">Crafts</subfield>
  </datafield>
  <datafield tag="952" ind1=" " ind2=" ">
    <subfield code="0">0</subfield>
    <subfield code="1">0</subfield>
    <subfield code="2">ddc</subfield>
    <subfield code="4">0</subfield>
    <subfield code="6">891_443000000000000_ABB</subfield>
    <subfield code="7">0</subfield>
    <subfield code="8">NFIC</subfield>
    <subfield code="9">395280</subfield>
    <subfield code="a">DUL</subfield>
    <subfield code="b">DUL</subfield>
    <subfield code="c">GEN</subfield>
    <subfield code="d">2022-07-21</subfield>
    <subfield code="e">Purchased</subfield>
    <subfield code="o">891.443 ABB</subfield>
    <subfield code="p">527019</subfield>
    <subfield code="r">2022-12-08</subfield>
    <subfield code="t">3</subfield>
    <subfield code="w">2022-12-08</subfield>
    <subfield code="y">BK</subfield>
    <subfield code="z">tr. to Crafts</subfield>
  </datafield>
  <datafield tag="952" ind1=" " ind2=" ">
    <subfield code="0">0</subfield>
    <subfield code="1">0</subfield>
    <subfield code="2">ddc</subfield>
    <subfield code="4">0</subfield>
    <subfield code="6">891_443000000000000_ABB</subfield>
    <subfield code="7">0</subfield>
    <subfield code="8">NFIC</subfield>
    <subfield code="9">395281</subfield>
    <subfield code="a">DUL</subfield>
    <subfield code="b">DUL</subfield>
    <subfield code="c">GEN</subfield>
    <subfield code="d">2022-07-21</subfield>
    <subfield code="e">Purchased</subfield>
    <subfield code="o">891.443 ABB</subfield>
    <subfield code="p">527020</subfield>
    <subfield code="r">2022-12-08</subfield>
    <subfield code="t">4</subfield>
    <subfield code="w">2022-12-08</subfield>
    <subfield code="y">BK</subfield>
    <subfield code="z">tr. to Crafts</subfield>
  </datafield>
</record>
